000
00295nam a22001337a 4500
008
170502b xxu||||| |||| 00| 0 eng d
020
_a
9780135130315
041
_a
eng
080
_2
5TH
_a
343.9
100
_a
14
101
_a
SHJ
245
_a
CRIMINOLOGY TODAY
_c
SCHMALLEGER
942
_2
udc
_c
BK
999
_c
12359
_d
12359